| 000 | 00399nam a2200181Ia 4500 | ||
|---|---|---|---|
| 999 |
_c51330 _d51330 |
||
| 003 | 0100 | ||
| 005 | 20171107083149.0 | ||
| 008 | 130303s9999 xx 000 0 und d | ||
| 040 | _cARRUPELIB | ||
| 050 | _aGN477.3.G4 1956 | ||
| 100 |
_aGelfand, Michael _99193 |
||
| 245 | _aMedicine and magic of the Mashona | ||
| 260 | _aCapetown | ||
| 260 | _bJuta | ||
| 300 | _a266p. | ||
| 300 | _b 22cm. | ||
| 650 |
_aMashona _936265 |
||
| 650 |
_aMedicine, magic, mystic and spagiric _937376 |
||
| 942 | 0 | 0 |
_01 _2lcc _cSPC |